| 000 | 00337nam a2200121Ia 4500 | ||
|---|---|---|---|
| 008 | 241028s9999 xx 000 0 und d | ||
| 041 | _aeng | ||
| 082 | _a658.8 SIM | ||
| 100 | _aHermann Simon | ||
| 245 | _aPrice Management Strategy, Analysis, Decision, Implementation | ||
| 260 |
_bSpringer _aSwitzerland _c2019 |
||
| 300 | _a558;. P. 24 cm | ||
| 999 |
_c42849 _d42849 |
||